My Belarusy (Anthem of Belarus) Lyrics Quiz - Statistics

General Stats
  • This quiz has been taken 56 times
  • The average score is 17 of 34
Answer Stats
Answers % Correct
Мы, | My,
100%
Мы | My
100%
Беларусь! | Bielaruś!
92%
беларусы – | bielarusy –
92%
людзі, | liudzi
64%
мірныя | mirnyja
62%
ў | w
62%
і | i
59%
роднай | rodnaj
56%
Сэрцам | Sercam
54%
адданыя | addanyja
51%
квітней, | kvitniej,
51%
Наша | Naša
49%
сілы | sily
46%
зямлі, | ziamli,
46%
зямлі | ziamli
46%
Вечна | Viečna
44%
вольнай | voĺnaj
44%
імя, | imia,
41%
Шчыра | Ščyra
41%
сям’і. | siamji.
41%
гартуем | hartujem
38%
маці- | maci-
38%
працавітай, | pracavitaj,
38%
сябруем, | siabrujem,
38%
любімая | liubimaja
36%
Радзіма, | Radzima,
36%
саюз! | sajuz!
36%
Слаўся, | Slawsia
36%
светлае | svietlaje
36%
жыві | žyvi
36%
братэрскі | braterski
33%
народаў | narodaw
33%
нашай | našaj
31%
No matching quizzes found
Score Distribution
Percent of People with Each Score
Percentile by Number Answered
Your Score History
You have not taken this quiz